ගණිතය : ජාමිතිය/

Saved in:
Bibliographic Details
Main Author: හේවාවිතාරණ, ලලිත්
Format: Book
Language:Undetermined
Sinhalese
Published: කොළඹ 11 : සිමාසහිත ඇමි.ඩී.ගුනසේන සහ සමාගම, 1996.
Subjects:
Tags: Add Tag
No Tags, Be the first to tag this record!

MARC

LEADER 00000nam a2200000Ia 4500
003 LK-DoPL
005 20220202212553.0
008 220202s9999 xx 000 0 und d
020 |a 9559346040 
040 |a LK-DoPL  |b sin  |d LK-DoPL 
041 |a sin 
082 |a 510  |b හේවා 
100 |a හේවාවිතාරණ, ලලිත්  |9 50 
245 0 |a ගණිතය :  |b ජාමිතිය/  |c ලලිත් හේවාවිතාරණ 
260 |a කොළඹ 11 :  |b සිමාසහිත ඇමි.ඩී.ගුනසේන සහ සමාගම,  |c 1996. 
300 |a පි.11 ;  |c සෙ.මි.21 
650 |a ගණිතය 
942 |c LBK 
999 |c 2887  |d 2887